Combien de fois pouvez vous taper le mot ornithorynque? - Statistiques

Statistiques générales
  • Ce quiz a été pris 140 fois
  • Le résultat moyen est 22 sur 65
Statistiques - réponses
Réponse % Correct
o
100%
r
88%
n
84%
h
71%
i
71%
o
71%
r
71%
t
71%
y
67%
n
65%
e
63%
q
63%
u
63%
n
59%
o
59%
r
59%
h
55%
i
55%
o
55%
r
55%
t
55%
y
51%
n
49%
q
47%
u
47%
e
45%
o
37%
r
35%
n
31%
h
27%
i
27%
o
27%
t
27%
r
22%
n
20%
y
20%
e
18%
q
18%
u
18%
n
16%
o
16%
r
16%
i
14%
t
14%
h
12%
o
10%
r
10%
n
8%
y
8%
e
6%
o
6%
q
6%
r
6%
u
6%
h
4%
i
4%
n
4%
t
4%
e
2%
n
2%
o
2%
q
2%
r
2%
u
2%
y
2%
Aucun quiz correspondant
Distribution des résultats
% des personnes avec chaque résultat
Percentile par nombre de réponses
Votre historique - résultats
Vous n’avez pas pris ce quiz